000 00349nam a2200133Ia 4500
008 240624s9999 xx 000 0 und d
041 _aeng
082 _a330.15 SEN
100 _aSEN AMARTYA
245 _aCOMMODITIES AND CAPABILITIES
260 _c2008
_aNew Delhi
_bOxford University press
300 _aix, : 89 : p. : cm. ; 21
365 _cRS
_b30
999 _c12849
_d12849